00863nam a22002297a 4500003001100000005001700011008004100028040003900069041000800108082001700116110002700133245013600160260003400296300001500330650004200345700002500387700002100412856008600433942000700519952009200526999001500618LK-CoMWRAF20240701154134.0240701b1999 |||||||| |||| 00| 0 eng d aLK-CoMWRAFdLK-CoMWRAFeLK-CoMWRAF aeng a341.486bBRO a Brookings institution aHandbook for applying the guiding principles on internal displacement: bthe Brookings institution project on internal displacement b[Brookings Institution]c1999 aiii.,61 p. aINTERNALLY DISPALCED PEOPLE-Handbooks aMartin, Susan Forbes aDeng, Francis M. uhttps://www.ohchr.org/sites/default/files/Documents/Issues/IDPersons/Handbook.pdf cBK 00104070aMAINbMAINd2024-07-01l0o341.486 BROpRAF5345r2024-07-01w2024-07-01yBK c4959d4959